[Event "28th CRO-chT 1B-Men 2019"]
[Site "Mali Losinj"]
[Date "2019.10.02"]
[Round "5.1"]
[White "Lenic, Luka"]
[Black "Sedlak, Nikola"]
[Result "1/2-1/2"]
[WhiteElo "2644"]
[BlackElo "2557"]
[Annotator "TA"]
[PlyCount "50"]
[EventDate "2019.09.28"]
[EventType "team-tourn"]
[EventCountry "CRO"]
[SourceTitle "playchess.com"]
[Source "ChessBase"]
[SourceQuality "1"]

{[%evp 23,50,26,33,8,8,8,12,0,12,12,12,15,11,14,5,0,0,0,0,0,0,0,9,6,3,4,8,0,0]} 1. d4 Nf6 2. c4 g6 3. Nc3 d5 4. cxd5 Nxd5 5. e4 Nxc3 6. bxc3 Bg7 7. Nf3 c5 8. Rb1 O-O 9. Be2 cxd4 10. cxd4 Qa5+ 11. Bd2 Qxa2 12. O-O Bg4 13. Rxb7 {White wants to play Rc7. D85: Exchange Grünfeld: Unusual White 7th moves and lines with 7 Nf3} (13. Be3 Nc6 14. d5 Na5 15. Bg5 b6 16. Bxe7 Rfe8 17. d6 Nc6 18. Bb5 Nxe7 19. h3 Bxf3 20. Qxf3 Qe6 21. Bxe8 Rxe8 22. dxe7 Qxe7 {½-½ (32) Aronian,L (2799)-Vachier Lagrave,M (2789) Tbilisi 2017}) 13... Bxf3 {The position is equal.} 14. Bxf3 Bxd4 {[#]} 15. Bg5 $146 ({Predecessor:} 15. Bb4 Rd8 16. Qc1 Na6 {½-½ (28) Shpakovsky,A (2533)-Schramm,A (2523) ICCF email 2015}) 15... Rd8 16. Qc1 {[#] aiming for e5.} Na6 17. Bxe7 {Threatens to win with e5.} Rac8 18. Qf4 Nc5 $132 {[%mdl 2048] Black has counterplay} 19. Bxd8 {And now Rb8 would win.} Nxb7 20. Bf6 Bxf6 21. Qxf6 Nc5 22. h4 Qe6 23. Qxe6 Nxe6 24. Ra1 Nc5 25. Rxa7 Re8 1/2-1/2

[Event "28th CRO-chT 1B-Men 2019"]
[Site "Mali Losinj"]
[Date "2019.10.02"]
[Round "5.2"]
[White "Nikcevic, Nebojsa"]
[Black "Postny, Evgeny"]
[Result "0-1"]
[WhiteElo "2415"]
[BlackElo "2597"]
[Annotator "TA"]
[PlyCount "68"]
[EventDate "2019.09.28"]
[EventType "team-tourn"]
[EventCountry "CRO"]
[SourceTitle "playchess.com"]
[Source "ChessBase"]
[SourceQuality "1"]

{[%evp 11,68,4,22,0,0,0,0,0,0,0,0,0,0,-4,0,0,0,0,0,0,0,0,0,0,20,-30,-9,-56,-48,-134,-120,-197,-181,-224,-104,-89,-69,-81,-94,-330,-350,-345,-343,-327,-319,-345,-340,-350,-339,-479,-464,-474,-466,-567,-561,-564,-557,-608,-608]} 1. c4 e5 2. Nc3 Nf6 3. Nf3 Nc6 4. e3 Bb4 5. Qc2 Bxc3 6. Qxc3 Qe7 7. d4 {[%cal Rf3e5] A28: English Opening: Four Knights Variation} Ne4 (7... e4 8. Ng1 d5 9. h3 O-O 10. Bd2 a5 11. a3 Be6 12. Rc1 Qd7 13. c5 Ne7 14. Ne2 Qe8 {1-0 (49) Wang,H (2726)-Dominguez Perez,L (2763) Khanty-Mansiysk 2019}) 8. Qd3 exd4 9. Nxd4 {The position is equal.} O-O 10. Be2 Qb4+ 11. Kf1 Qe7 12. f3 Nc5 13. Qc3 Nxd4 14. exd4 $146 ({Predecessor:} 14. Qxd4 b6 {½-½ (40) Vigfusson,V (2271)-Gardarsson,H (2430) ICCF email 2010}) 14... Re8 15. Qc2 Ne6 16. Be3 Nf8 17. Bf2 d5 18. c5 Qf6 19. Qd2 b6 20. Rc1 (20. cxb6 $15 axb6 21. Kg1) 20... bxc5 $1 $17 21. Rxc5 (21. Kg1 $17) 21... Ba6 $36 {[%mdl 2048] Black is really pushing.} 22. Bd3 Ne6 (22... Ng6 $1 $19 {is more deadly.} 23. Be3 Bxd3+ 24. Qxd3 Re7) 23. Rc6 $17 Bb7 24. Rc3 {[#]} Nf4 $1 {White must now prevent ...Ba6.} 25. Bb5 $2 {[#]} (25. b4 $17 {was the only chance.}) 25... Ba6 $1 $19 {[%cal Ra6b5]} 26. a4 Bxb5+ 27. axb5 Re2 28. Qxe2 Nxe2 29. Kxe2 Re8+ 30. Re3 (30. Kf1 $142) 30... Rxe3+ {Black is clearly winning.} 31. Bxe3 Qb6 32. Rc1 Qxb5+ {[%mdl 64] Double Attack} 33. Ke1 Qxb2 34. Rxc7 {[%cal Rc7c8]} h5 {Accuracy: White = 35%, Black = 75%.} 0-1

[Event "28th CRO-chT 1B-Men 2019"]
[Site "Mali Losinj"]
[Date "2019.10.02"]
[Round "5.3"]
[White "Jovanovic, Zoran"]
[Black "Matkovic, Tonci"]
[Result "1-0"]
[WhiteElo "2507"]
[BlackElo "2281"]
[Annotator "TA"]
[PlyCount "45"]
[EventDate "2019.09.28"]
[EventType "team-tourn"]
[EventCountry "CRO"]
[SourceTitle "playchess.com"]
[Source "ChessBase"]
[SourceQuality "1"]

{[%evp 9,45,42,49,52,43,45,62,60,84,78,89,82,79,58,64,58,62,60,60,45,87,58,95,71,100,97,94,89,93,87,118,105,213,218,223,208,322,316]} 1. e4 e5 2. Nf3 Nc6 3. d4 d6 4. Nc3 Be7 (4... Bg4 5. d5 Nce7 6. Bb5+ c6 7. dxc6 bxc6 8. Ba4 Nf6 9. h3 Be6 10. Ng5 Bc4 11. f4 Qc7 12. Bb3 Bxb3 13. axb3 {½-½ (13) Kasimdzhanov,R (2652)-Kazhgaleyev,M (2578) Tashkent 2019}) 5. dxe5 Nxe5 6. Nxe5 {C46: 3 Nc3: Unusual Black 3rd moves} dxe5 7. Qh5 $146 ({Predecessor:} 7. Qxd8+ Bxd8 8. Bc4 c6 9. a4 a5 10. Be3 Nf6 11. O-O Nd7 12. Rad1 {0-1 (47) Weindl,A (2374)-Krstic,U (2410) Austria 2011}) 7... Bd6 8. Bc4 {[%csl Gc4][%cal Rh5f7] [#] White is slightly better.} Qf6 9. Nb5 Qg6 10. Qxg6 hxg6 11. Bd2 Ke7 12. O-O-O Be6 13. Be2 Nf6 14. f3 Rhd8 15. b3 Ke8 16. Ba5 Rac8 17. Rxd6 cxd6 18. Bxd8 Rxd8 19. Nxa7 Ra8 20. Nb5 {aiming for Nc7+.} Rxa2 {[#]} (20... Ke7 $16) 21. Kb1 $1 $18 {[%cal Rb1a2]} ({But not} 21. Nxd6+ $6 Ke7 $16) 21... Bxb3 22. Bd3 Be6 (22... d5 {was worth a try.} 23. Nc3 (23. cxb3 Rd2 $16) 23... Bxc2+ 24. Bxc2 Ra5 25. exd5 Nxd5) 23. Nc7+ {Accuracy: White = 74%, Black = 26%.} ({Worse is} 23. Nxd6+ Ke7 $11) 1-0

[Event "28th CRO-chT 1B-Men 2019"]
[Site "Mali Losinj"]
[Date "2019.10.02"]
[Round "5.4"]
[White "Malenica, Mario"]
[Black "Bukal, Vladimir Jr."]
[Result "1-0"]
[WhiteElo "2221"]
[BlackElo "2390"]
[Annotator "NA"]
[PlyCount "89"]
[EventDate "2019.09.28"]
[EventType "team-tourn"]
[EventCountry "CRO"]
[SourceTitle "playchess.com"]
[Source "ChessBase"]
[SourceQuality "1"]
[TimeControl "40/5400+30:1800+30"]

1. Nf3 {[%emt 0:00:30]} b6 {[%emt 0:00:30]} 2. g3 {[%emt 0:01:30]} Bb7 {[%emt 0:00:30]} 3. Bg2 {[%emt 0:00:30]} g6 {[%emt 0:02:30]} 4. c4 {[%emt 0:02:30]} Bg7 {[%emt 0:00:30]} 5. Nc3 {[%emt 0:00:30]} Nf6 {[%emt 0:00:30]} 6. O-O {[%emt 0:02:30]} O-O {[%emt 0:00:30]} 7. Qc2 {[%emt 0:04:30]} c5 {[%emt 0:02:30]} 8. e3 {[%emt 0:04:30]} a6 {[%emt 0:06:30]} 9. d4 {[%emt 0:05:30]} d6 {[%emt 0:04:30]} 10. b3 {[%emt 0:04:30]} Nbd7 {[%emt 0:06:30]} 11. Bb2 {[%emt 0:02:30]} Qc7 {[%emt 0:04:30]} 12. d5 {[%emt 0:11:30]} b5 {[%emt 0:01:30]} 13. e4 {[%emt 0:07:30]} bxc4 {[%emt 0:05:30]} 14. bxc4 {[%emt 0:00:30]} Rab8 {[%emt 0:00:30]} 15. Na4 {[%emt 0:04:30]} e6 {[%emt 0:12:30]} 16. Rfe1 {[%emt 0:07:30]} e5 {[%emt 0:03:30]} 17. Rab1 {[%emt 0:04:30]} Bc8 {[%emt 0:08:30]} 18. Bc3 {[%emt 0:00:30]} Rxb1 {[%emt 0:01:30]} 19. Rxb1 {[%emt 0:00:30]} Qd8 {[%emt 0:00:30]} 20. Ne1 {[%emt 0:02:30]} Ng4 {[%emt 0:04:30]} 21. h3 {[%emt 0:04:30]} Nh6 {[%emt 0:00:30]} 22. Nd3 {[%emt 0:07:30]} f5 {[%emt 0:00:30]} 23. f3 {[%emt 0:04:32]} fxe4 {[%emt 0:07:30]} 24. fxe4 {[%emt 0:00:05]} Qg5 {[%emt 0:00:30]} 25. Be1 {[%emt 0:00:06]} Nf7 {[%emt 0:03:30]} 26. Kh2 {[%emt 0:03:29]} Bh6 {[%emt 0:03:40]} 27. Qe2 {[%emt 0:02:00]} Nf6 {[%emt 0:06:43]} 28. Rb8 {[%emt 0:04:33]} Bg4 {[%emt 0:01:03]} 29. Rxf8+ {[%emt 0:00:12]} Kxf8 {[%emt 0:01:20]} 30. hxg4 {[%emt 0:02:00]} Nxg4+ {[%emt 0:00:07]} 31. Kg1 {[%emt 0:00:11]} Qh5 {[%emt 0:01:27]} 32. Bf3 {[%emt 0:04:43]} Be3+ {[%emt 0:00:25]} 33. Kf1 {[%emt 0:00:12]} Bd4 {[%emt 0:07:31]} 34. Bf2 {[%emt 0:01:14]} Ng5 {[%emt 0:01:55]} 35. Ke1 {[%emt 0:02:01]} Kg7 {[%emt 0:01:26]} 36. Bxg4 {[%emt 0:00:35]} Qh1+ {[%emt 0:00:06]} 37. Kd2 {[%emt 0:00:52]} Nxe4+ {[%emt 0:00:27]} 38. Kc2 {[%emt 0:00:12]} Nxf2 {[%emt 0:01:49]} 39. Nxf2 {[%emt 0:00:23]} Qa1 {[%emt 0:00:05]} 40. Kb3 {[%emt 0:00:00]} Qb1+ {[%emt 0:00:00]} 41. Nb2 {[%emt 0:03:10]} Qc1 {[%emt 0:11:56]} 42. Nfd1 {[%emt 0:02:30]} Qg5 {[%emt 0:00:30]} 43. Qf3 {[%emt 0:01:30]} Qe7 {[%emt 0:01:14]} 44. Be6 {[%emt 0:01:30]} h5 {[%emt 0:00:07]} 45. Kc2 {[%emt 0:01:30]} 1-0

[Event "28th CRO-chT 1B-Men 2019"]
[Site "Mali Losinj"]
[Date "2019.10.02"]
[Round "5.5"]
[White "Ivekovic, Zvonimir"]
[Black "Grgurevic, Boris"]
[Result "1/2-1/2"]
[WhiteElo "2405"]
[BlackElo "2177"]
[Annotator "TA"]
[PlyCount "89"]
[EventDate "2019.09.28"]
[EventType "team-tourn"]
[EventCountry "CRO"]
[SourceTitle "playchess.com"]
[Source "ChessBase"]
[SourceQuality "1"]

{[%evp 14,89,4,3,33,30,50,53,43,45,44,34,39,48,45,20,29,0,12,22,35,27,29,29,45,51,45,0,0,0,0,0,0,0,0,0,0,0,0,0,0,0,0,0,0,0,0,0,0,0,0,0,0,0,0,0,0,0,0,0,0,0,0,0,0,0,0,0,0,0,0,0,0,0,0,0,0,0]} 1. e4 e5 2. Nf3 Nc6 3. d4 exd4 4. Nxd4 Bc5 5. Nb3 Bb6 6. Nc3 Nf6 7. Bg5 h6 8. Bh4 g5 {C45: Scotch Game} (8... d6 9. f3 g5 10. Bg3 a6 11. Qd2 Qe7 12. O-O-O Be6 13. Na4 Ba7 14. Na5 Nxa5 15. Qxa5 Nh5 16. Be1 {½-½ (49) Chigaev,M (2637)-Malakhov,V (2660) Sochi 2019}) 9. Bg3 {aiming for a4.} d6 10. Qd2 Qe7 {White is slightly better.} 11. O-O-O Be6 $146 ({Not} 11... Nxe4 $2 12. Nxe4 Be6 13. Re1 $18) ({Predecessor:} 11... Bd7 12. f3 O-O-O 13. Bf2 Rhe8 14. Bxb6 axb6 15. Qf2 Qe5 16. Kb1 {½-½ (28) Newrkla,K (2176)-Theissl Pokorna,R (2323) Austria 2018}) 12. Bb5 O-O-O 13. Bxc6 bxc6 14. Rhe1 Nh5 15. Nd4 Kb7 16. Nd5 Qd7 17. Ne3 Nxg3 ({Much weaker is} 17... Bxa2 $6 18. b3 $16) 18. hxg3 Bxd4 19. Qxd4 c5 20. Qf6 Qa4 {[%mdl 64] [#] Double Attack. The position is equal.} ({Don't blunder} 20... Bxa2 $2 21. b3 $18) 21. f3 Qxa2 22. Rd3 {Ra3 is the strong threat.} Qa5 23. Red1 c4 24. Rc3 Qe5 $1 {[%cal Re5f6]} 25. Qxe5 dxe5 26. Rxd8 Rxd8 27. Nxc4 Bxc4 28. Rxc4 $11 {[%mdl 4096] Endgame KR-KR} h5 29. Rc3 h4 30. g4 Rd6 31. Re3 h3 32. gxh3 Rh6 33. Rb3+ Kc6 34. Kd2 Rxh3 35. Ke3 Rh2 36. c3 f6 37. Rb8 Kd7 38. Rb7 a6 39. Rb4 Kc6 40. Rb8 Kd7 41. Kd3 Rf2 42. Ke3 Rc2 43. Rb4 a5 44. Rb5 Kc6 45. Rxa5 {Accuracy: White = 89%, Black = 88%.} 1/2-1/2

[Event "28th CRO-chT 1B-Men 2019"]
[Site "Mali Losinj"]
[Date "2019.10.02"]
[Round "5.6"]
[White "Tesla, Miro"]
[Black "Antunac, Goran"]
[Result "0-1"]
[WhiteElo "2073"]
[BlackElo "2379"]
[Annotator "NA"]
[PlyCount "154"]
[EventDate "2019.09.28"]
[EventType "team-tourn"]
[EventCountry "CRO"]
[SourceTitle "playchess.com"]
[Source "ChessBase"]
[SourceQuality "1"]
[TimeControl "40/5400+30:1800+30"]

1. d4 {[%emt 0:00:30]} Nf6 {[%emt 0:00:30]} 2. c4 {[%emt 0:00:30]} c5 {[%emt 0:00:30]} 3. d5 {[%emt 0:00:00]} g6 {[%emt 0:00:30]} 4. Nc3 {[%emt 0:00:00]} Bg7 {[%emt 0:00:30]} 5. e4 {[%emt 0:00:00]} d6 {[%emt 0:00:00]} 6. Bd3 {[%emt 0:00:00]} O-O {[%emt 0:01:00]} 7. h3 {[%emt 0:00:30]} Na6 {[%emt 0:01:30]} 8. Nf3 {[%emt 0:00:00]} Nc7 {[%emt 0:00:00]} 9. O-O {[%emt 0:00:00]} e6 {[%emt 0:00:00]} 10. Qb3 {[%emt 0:01:30]} Rb8 {[%emt 0:06:30]} 11. a4 {[%emt 0:06:30]} b6 {[%emt 0:06:30]} 12. Bg5 {[%emt 0:00:30]} h6 {[%emt 0:05:30]} 13. Bd2 {[%emt 0:00:30]} a6 {[%emt 0:01:30]} 14. Rae1 {[%emt 0:06:30]} exd5 {[%emt 0:24:30]} 15. exd5 {[%emt 0:02:30]} b5 {[%emt 0:01:30]} 16. axb5 {[%emt 0:04:30]} axb5 {[%emt 0:00:30]} 17. cxb5 {[%emt 0:01:30]} Na6 {[%emt 0:03:30]} 18. Bf4 {[%emt 0:03:30]} Nb4 {[%emt 0:01:30]} 19. Bb1 {[%emt 0:12:30]} Nh5 {[%emt 0:03:30]} 20. Bh2 {[%emt 0:00:30]} f5 {[%emt 0:01:30]} 21. Nd2 {[%emt 0:04:30]} Rf7 {[%emt 0:00:30]} 22. Nc4 {[%emt 0:01:30]} Bf8 {[%emt 0:00:00]} 23. Qd1 {[%emt 0:02:30]} Nf6 {[%emt 0:02:00]} 24. Re2 {[%emt 0:02:30]} g5 {[%emt 0:05:30]} 25. Rfe1 {[%emt 0:03:30]} f4 {[%emt 0:02:30]} 26. f3 {[%emt 0:04:30]} Bd7 {[%emt 0:03:30]} 27. b6 {[%emt 0:00:30]} Bc8 {[%emt 0:00:30]} 28. h4 {[%emt 0:11:30]} Ba6 {[%emt 0:03:30]} 29. b3 {[%emt 0:00:30]} Rxb6 {[%emt 0:01:30]} 30. Bg6 {[%emt 0:01:30]} Rg7 {[%emt 0:00:30]} 31. h5 {[%emt 0:00:30]} Rbb7 {[%emt 0:01:30]} 32. g3 {[%emt 0:01:30]} fxg3 {[%emt 0:02:30]} 33. Bxg3 {[%emt 0:00:30]} Rbe7 {[%emt 0:00:00]} 34. f4 {[%emt 0:07:30]} Rxe2 {[%emt 0:06:56]} 35. Rxe2 {[%emt 0:00:30]} Nxh5 {[%emt 0:01:59]} 36. Re8 {[%emt 0:05:18]} Qf6 {[%emt 0:00:01]} 37. Bxh5 {[%emt 0:02:55]} Qxc3 {[%emt 0:02:28]} 38. Qe1 {[%emt 0:04:07]} Qxe1+ {[%emt 0:01:45]} 39. Bxe1 {[%emt 0:00:04]} gxf4+ {[%emt 0:00:19]} 40. Kh2 {[%emt 0:00:44]} Re7 {[%emt 0:00:00]} 41. Nxd6 {[%emt 0:01:52]} Rxe8 {[%emt 0:11:02]} 42. Nxe8 {[%emt 0:00:00]} Nxd5 {[%emt 0:00:00]} 43. Bd2 {[%emt 0:01:00]} Be7 {[%emt 0:11:00]} 44. Bf3 {[%emt 0:01:30]} Ne3 {[%emt 0:01:30]} 45. Nc7 {[%emt 0:00:30]} Nf1+ {[%emt 0:00:41]} 46. Kg2 {[%emt 0:00:30]} Nxd2 {[%emt 0:00:19]} 47. Nxa6 {[%emt 0:00:30]} Bd6 {[%emt 0:00:30]} 48. Kf2 {[%emt 0:02:30]} Kg7 {[%emt 0:00:30]} 49. Bd5 {[%emt 0:00:30]} Kf6 {[%emt 0:00:30]} 50. Ke2 {[%emt 0:00:30]} Ke5 {[%emt 0:00:00]} 51. Bf7 {[%emt 0:04:30]} Ne4 {[%emt 0:00:00]} 52. Bg6 {[%emt 0:01:30]} Ng3+ {[%emt 0:02:23]} 53. Kf3 {[%emt 0:02:30]} Nf5 {[%emt 0:00:11]} 54. Bf7 {[%emt 0:00:30]} Nd4+ {[%emt 0:00:26]} 55. Kf2 {[%emt 0:03:30]} Ke4 {[%emt 0:00:58]} 56. Bg6+ {[%emt 0:00:30]} Kd5 {[%emt 0:00:14]} 57. Be8 {[%emt 0:01:30]} Ke6 {[%emt 0:00:33]} 58. Ba4 {[%emt 0:00:30]} Ke7 {[%emt 0:00:15]} 59. Kg2 {[%emt 0:02:30]} Kd8 {[%emt 0:00:23]} 60. Kh3 {[%emt 0:01:30]} h5 {[%emt 0:02:29]} 61. Kh4 {[%emt 0:00:30]} f3 {[%emt 0:05:49]} 62. Kh3 {[%emt 0:01:30]} h4 {[%emt 0:00:58]} 63. b4 {[%emt 0:06:23]} cxb4 {[%emt 0:00:30]} 64. Nxb4 {[%emt 0:00:33]} Bxb4 {[%emt 0:00:30]} 65. Bd1 {[%emt 0:00:01]} Be7 {[%emt 0:00:46]} 66. Ba4 {[%emt 0:00:30]} Bf6 {[%emt 0:00:00]} 67. Bd1 {[%emt 0:00:01]} Ke7 {[%emt 0:00:00]} 68. Ba4 {[%emt 0:00:39]} Kd6 {[%emt 0:00:30]} 69. Be8 {[%emt 0:00:10]} Ke5 {[%emt 0:00:44]} 70. Bh5 {[%emt 0:00:30]} Kf4 {[%emt 0:00:35]} 71. Bf7 {[%emt 0:00:30]} Ke3 {[%emt 0:00:23]} 72. Bc4 {[%emt 0:01:01]} Kd2 {[%emt 0:00:36]} 73. Kh2 {[%emt 0:00:35]} Ke1 {[%emt 0:00:08]} 74. Ba6 {[%emt 0:00:22]} f2 {[%emt 0:00:15]} 75. Kg2 {[%emt 0:00:18]} Ne2 {[%emt 0:00:07]} 76. Bxe2 {[%emt 0:00:32]} Kxe2 {[%emt 0:00:01]} 77. Kh2 {[%emt 0:00:07]} Be5+ {[%emt 0:00:07]} 0-1

[Event "28th CRO-chT 1B-Men 2019"]
[Site "Mali Losinj"]
[Date "2019.10.02"]
[Round "5.7"]
[White "Brkic, Ante"]
[Black "Djukic, Nikola"]
[Result "1-0"]
[WhiteElo "2600"]
[BlackElo "2517"]
[Annotator "TA"]
[PlyCount "55"]
[EventDate "2019.09.28"]
[EventType "team-tourn"]
[EventCountry "CRO"]
[SourceTitle "playchess.com"]
[Source "ChessBase"]
[SourceQuality "1"]

{[%evp 9,55,18,30,16,14,19,29,8,8,19,7,0,0,9,13,0,8,0,20,-7,-11,0,0,-14,0,3,27,7,23,22,44,43,58,0,11,-39,30,34,348,339,397,391,501,486,6548,6335,29991,29992]} 1. e4 c5 2. Nf3 d6 3. Bb5+ Nd7 4. O-O a6 5. Bd3 Ngf6 6. c3 $146 {B51: Sicilian: Moscow Variation (3 Bb5+) without 3...Bd7} ({Predecessor:} 6. Re1 e6 7. c3 b5 8. Bc2 c4 9. a4 {½-½ (63) Amin,B (2709)-Cheparinov,I (2711) Germany 2019}) 6... b5 7. Bc2 Bb7 8. Re1 {White has an edge.} c4 9. a4 e6 10. d4 cxd3 11. Qxd3 Nc5 12. Qe2 bxa4 13. Be3 {[#] Threatens to win with Bxc5.} (13. e5 {looks sharper.} dxe5 14. Nxe5 Qd5 15. Qf1 Bd6 16. Bf4) 13... Nfd7 14. Bxc5 Nxc5 15. Rxa4 Be7 16. Rd4 O-O 17. e5 {Threatening exd6.} d5 (17... Bxf3 $5 18. Qxf3 d5 $14) 18. Nbd2 {[%cal Bb1d2,Bd2f1,Bf1g3,Bg3h5,Bh5f6][%mdl 32]} a5 19. Rg4 Rb8 20. Qe3 {And now Qh6! would win.} Kh8 $1 21. Nd4 Ne4 22. Nf1 Bh4 (22... Bg5 $15 23. Qh3 g6) 23. Ng3 $40 {[%cal Rg3e4][%mdl 128] White attacks.} h5 $2 {[%mdl 8192]} ({Black should play} 23... Bg5 $14 24. f4 Be7) 24. Rf4 $18 Bg5 25. Nxh5 Bxf4 26. Qxf4 {[%cal Rc2e4]} Ba8 (26... Qg5 $142) 27. Bxe4 {Threatening mate with Nf6!} dxe4 {[#]} 28. Nf6 $1 {[%mdl 512] Accuracy: White = 62%, Black = 43%.} 1-0

[Event "28th CRO-chT 1B-Men 2019"]
[Site "Mali Losinj"]
[Date "2019.10.02"]
[Round "5.8"]
[White "Bogut, Zeljko"]
[Black "Kadric, Denis"]
[Result "0-1"]
[WhiteElo "2386"]
[BlackElo "2577"]
[Annotator "ChessBase"]
[PlyCount "48"]
[EventDate "2019.09.28"]
[EventType "team-tourn"]
[EventCountry "CRO"]
[SourceTitle "playchess.com"]
[Source "ChessBase"]
[SourceQuality "1"]
[TimeControl "40/5400+30:1800+30"]

1. e4 {[%emt 0:01:30]} d6 {[%emt 0:03:30]} 2. d4 {[%emt 0:01:30]} Nf6 {[%emt 0:00:00]} 3. Nc3 {[%emt 0:00:30]} Nbd7 {[%emt 0:00:00]} 4. Nf3 {[%emt 0:00:30]} e5 {[%emt 0:00:30]} 5. Bc4 {[%emt 0:00:30]} Be7 {[%emt 0:00:00]} 6. O-O {[%emt 0:00:30]} O-O {[%emt 0:00:00]} 7. Re1 {[%emt 0:01:30]} c6 {[%emt 0:00:00]} 8. a4 {[%emt 0:00:00]} exd4 {[%emt 0:00:00]} 9. Nxd4 {[%emt 0:00:00]} Ne5 {[%emt 0:00:30]} 10. Ba2 {[%emt 0:02:30]} Re8 {[%emt 0:00:00]} 11. h3 {[%emt 0:00:30]} Ng6 {[%emt 0:00:00]} 12. Qf3 {[%emt 0:08:30]} Qa5 {[%emt 0:01:30]} 13. Be3 {[%emt 0:08:30]} Bd8 {[%emt 0:01:30]} 14. Rad1 {[%emt 0:04:30]} Bc7 {[%emt 0:00:30]} 15. Nb3 {[%emt 0:03:30]} Qe5 {[%emt 0:01:30]} 16. Bd4 {[%emt 0:00:30]} Qg5 {[%emt 0:00:00]} 17. Bxf6 {[%emt 0:07:30]} gxf6 {[%emt 0:00:00]} 18. Nd2 {[%emt 0:01:30]} d5 {[%emt 0:01:30]} 19. g4 {[%emt 0:43:12]} h5 {[%emt 0:00:30]} 20. exd5 {[%emt 0:00:37]} Rxe1+ {[%emt 0:00:30]} 21. Rxe1 {[%emt 0:00:03]} Qxd2 {[%emt 0:00:00]} 22. Re8+ {[%emt 0:05:07]} Kh7 {[%emt 0:03:00]} 23. dxc6 {[%emt 0:02:52]} Be6 {[%emt 0:05:30]} 24. Rxa8 {[%emt 0:00:35]} Qe1+ {[%emt 0:00:30]} 0-1

[Event "28th CRO-chT 1B-Men 2019"]
[Site "Mali Losinj"]
[Date "2019.10.02"]
[Round "5.10"]
[White "Bender, Ivan"]
[Black "Bosnjak, Petar"]
[Result "0-1"]
[WhiteElo "2234"]
[BlackElo "2265"]
[Annotator "NA"]
[PlyCount "35"]
[EventDate "2019.09.28"]
[EventType "team-tourn"]
[EventCountry "CRO"]
[SourceTitle "playchess.com"]
[Source "ChessBase"]
[SourceQuality "1"]
[TimeControl "40/5400+30:1800+30"]

1. e4 {[%emt 0:00:30]} c5 {[%emt 0:00:30]} 2. Nf3 {[%emt 0:00:30]} d6 {[%emt 0:00:30]} 3. d4 {[%emt 0:00:00]} cxd4 {[%emt 0:00:00]} 4. Nxd4 {[%emt 0:00:00]} Nf6 {[%emt 0:00:00]} 5. Nc3 {[%emt 0:00:00]} a6 {[%emt 0:00:00]} 6. Be3 {[%emt 0:00:00]} e5 {[%emt 0:00:00]} 7. Nb3 {[%emt 0:06:30]} Be6 {[%emt 0:00:30]} 8. Be2 {[%emt 0:00:30]} Be7 {[%emt 0:01:30]} 9. O-O {[%emt 0:00:30]} O-O {[%emt 0:00:00]} 10. Re1 {[%emt 0:08:30]} Nbd7 {[%emt 0:02:00]} 11. h3 {[%emt 0:00:30]} Qc7 {[%emt 0:03:30]} 12. a4 {[%emt 0:03:30]} Nb6 {[%emt 0:07:30]} 13. a5 {[%emt 0:01:30]} Nc4 {[%emt 0:00:30]} 14. Bxc4 {[%emt 0:00:30]} Qxc4 {[%emt 0:02:30]} 15. Bg5 {[%emt 0:10:30]} Qc6 {[%emt 0:10:30]} 16. Nd2 {[%emt 0:05:30]} Rfd8 {[%emt 0:25:30]} 17. Qf3 {[%emt 0:15:30]} h6 {[%emt 0:08:30]} 18. Nf1 {[%emt 0:07:30]} 0-1

[Event "28th CRO-chT 1B-Men 2019"]
[Site "Mali Losinj"]
[Date "2019.10.02"]
[Round "5.11"]
[White "Pucovski, Miroslav"]
[Black "Levacic, Patrick"]
[Result "1/2-1/2"]
[WhiteElo "2238"]
[BlackElo "2245"]
[Annotator "NA"]
[PlyCount "20"]
[EventDate "2019.09.28"]
[EventType "team-tourn"]
[EventCountry "CRO"]
[SourceTitle "playchess.com"]
[Source "ChessBase"]
[SourceQuality "1"]
[TimeControl "40/5400+30:1800+30"]

1. e4 {[%emt 0:00:30]} e6 {[%emt 0:00:30]} 2. d4 {[%emt 0:00:00]} d5 {[%emt 0:00:30]} 3. e5 {[%emt 0:00:00]} c5 {[%emt 0:00:30]} 4. c3 {[%emt 0:00:00]} Nc6 {[%emt 0:00:00]} 5. Nf3 {[%emt 0:00:00]} Bd7 {[%emt 0:00:00]} 6. Be2 {[%emt 0:04:30]} Nge7 {[%emt 0:02:30]} 7. Na3 {[%emt 0:02:30]} cxd4 {[%emt 0:13:30]} 8. cxd4 {[%emt 0:00:30]} Nf5 {[%emt 0:01:30]} 9. Nc2 {[%emt 0:00:00]} Qb6 {[%emt 0:04:30]} 10. O-O {[%emt 0:11:00]} Be7 {[%emt 0:08:30]} 1/2-1/2

[Event "28th CRO-chT 1B-Men 2019"]
[Site "Mali Losinj"]
[Date "2019.10.02"]
[Round "5.12"]
[White "Ivankovic, Ivo"]
[Black "Bubalovic, Davorin"]
[Result "1/2-1/2"]
[WhiteElo "2054"]
[BlackElo "2212"]
[Annotator "NA"]
[PlyCount "62"]
[EventDate "2019.09.28"]
[EventType "team-tourn"]
[EventCountry "CRO"]
[SourceTitle "playchess.com"]
[Source "ChessBase"]
[SourceQuality "1"]
[TimeControl "40/5400+30:1800+30"]

1. c4 {[%emt 0:00:30]} Nf6 {[%emt 0:00:30]} 2. Nc3 {[%emt 0:00:30]} g6 {[%emt 0:00:00]} 3. Nf3 {[%emt 0:00:30]} Bg7 {[%emt 0:00:00]} 4. g3 {[%emt 0:00:00]} d6 {[%emt 0:00:30]} 5. Bg2 {[%emt 0:00:00]} O-O {[%emt 0:00:30]} 6. O-O {[%emt 0:00:30]} e5 {[%emt 0:00:30]} 7. d3 {[%emt 0:00:30]} c6 {[%emt 0:00:30]} 8. c5 {[%emt 0:06:30]} Re8 {[%emt 0:05:30]} 9. cxd6 {[%emt 0:05:30]} Qxd6 {[%emt 0:00:30]} 10. Qa4 {[%emt 0:06:30]} Na6 {[%emt 0:03:30]} 11. Qh4 {[%emt 0:05:30]} Nc5 {[%emt 0:06:30]} 12. Bh6 {[%emt 0:11:30]} Bh8 {[%emt 0:03:30]} 13. Ng5 {[%emt 0:12:30]} Qd4 {[%emt 0:11:30]} 14. Nf3 {[%emt 0:14:30]} Qxh4 {[%emt 0:02:30]} 15. Nxh4 {[%emt 0:05:30]} Ne6 {[%emt 0:08:30]} 16. Bd2 {[%emt 0:00:30]} Bd7 {[%emt 0:01:30]} 17. Rac1 {[%emt 0:00:30]} Rac8 {[%emt 0:01:30]} 18. b4 {[%emt 0:01:30]} Bg7 {[%emt 0:01:30]} 19. Rfe1 {[%emt 0:03:30]} Bf8 {[%emt 0:01:30]} 20. a3 {[%emt 0:00:30]} Nd4 {[%emt 0:04:30]} 21. Bg5 {[%emt 0:03:30]} Kg7 {[%emt 0:02:30]} 22. Bxf6+ {[%emt 0:01:43]} Kxf6 {[%emt 0:00:30]} 23. Ne4+ {[%emt 0:00:03]} Kg7 {[%emt 0:06:30]} 24. Nc5 {[%emt 0:00:14]} Bg4 {[%emt 0:03:30]} 25. f3 {[%emt 0:00:57]} b6 {[%emt 0:05:30]} 26. fxg4 {[%emt 0:04:20]} bxc5 {[%emt 0:00:00]} 27. bxc5 {[%emt 0:00:07]} a5 {[%emt 0:02:00]} 28. Rc4 {[%emt 0:01:12]} Nb3 {[%emt 0:01:30]} 29. a4 {[%emt 0:03:22]} Bxc5+ {[%emt 0:01:30]} 30. Kh1 {[%emt 0:00:29]} Bb4 {[%emt 0:01:30]} 31. Rd1 {[%emt 0:00:47]} c5 {[%emt 0:10:11]} 1/2-1/2